Tinh tuyển văn học Việt Nam

Uloženo v:
Podrobná bibliografie
Hlavní autor: Nông, Quốc Chấn
Médium: Kniha
Jazyk:Undetermined
Vydáno: Hà Nội Khoa học Xã hội
Témata:
Tagy: Přidat tag
Žádné tagy, Buďte první, kdo otaguje tento záznam!
Thư viện lưu trữ: Trung tâm Học liệu Trường Đại học Cần Thơ
LEADER 00579nam a2200193Ia 4500
001 CTU_74470
008 210402s9999 xx 000 0 und d
020 |c 76000 
082 |a 895.92209 
082 |b Tr513/T.2/Q.2 
100 |a Nông, Quốc Chấn 
245 0 |a Tinh tuyển văn học Việt Nam 
245 0 |c Nông Quốc Chấn 
260 |a Hà Nội 
260 |b Khoa học Xã hội 
650 |a Vietnamese literature,Vietnamese poetry 
650 |x Collections 
904 |i Mai Loan 
980 |a Trung tâm Học liệu Trường Đại học Cần Thơ